000 00727nam a2200277 a 4500
001 39211
003 AR-BaAGN
005 20231116145534.0
007 ta
008 220625s1995 ag |||||r|||| ||||||spa d
020 _a950-9517-50-X
040 _dAR-BaAGN
_aAR-BaAGN
_bspa
_eaacr
245 0 0 _aFrancia en la Argentina =
_bLa Francia en Argentine
250 _a1ª ed.
260 _aBuenos Aires :
_bManrique Zago,
_c1995.
300 _a217 páginas :
_bilustraciones
336 _2rdacontent
_btxt
337 _2rdamedia
_bn
338 _2rdacarrier
_bnc
650 4 _aEMIGRACIÓN
_91664
650 4 _aINMIGRACIÓN
_91530
651 4 _aFrancia
_93656
651 4 _aArgentina
_93645
942 _cLIBRO
999 _c39211
_d39211